| 000 | 00757nam a2200181 i 4500 | ||
|---|---|---|---|
| 001 | 159879 | ||
| 003 | ES-MaACL | ||
| 005 | 20230906211843.0 | ||
| 008 | 170831s1884 sp |||| | spa d | ||
| 111 | 2 |
_aCongreso Nacional de Agricultores ( _d1883. _cValladolid) _9163561 |
|
| 245 | 1 | 0 |
_aMemoria de los trabajos del Congreso Regional de Agricultura : _bcelebrado en Valladolid en el mes de setiembre de 1883. |
| 260 |
_a[S.l.] : _b[s.n.], _c1884 ( _eValladolid : _fHospicio Provincial) |
||
| 300 |
_a117 p. ; _c27 cm. |
||
| 530 | _aDisponible en formato digital. | ||
| 650 | 4 |
_aAgricultura- _vCongresos y asambleas. _9161768 |
|
| 852 |
_aES-MaACL _jT-389-F-14 |
||
| 856 |
_uhttp://bdh-rd.bne.es/viewer.vm?id=0000115263&page=1 _zBiblioteca Digital Hispánica |
||
| 999 |
_c159879 _d159879 |
||